00484nam a2200169Ia 4500008004100000082001700041100001400058245002600072250000600098260003300104300001800137500002400155650001400179942000700193952009700200999001700297230524s9999 xx 000 0 und d a620.112bBAS aA.R. Basu 0aStrength of Materials a2 aNew DelhibDhanpat raic2013 a"XVI,24.58p;" aQuantity Number: 1 aMechanics cBK 00104070aTATCLbTATCLcGENd2023-05-24l0o620.112 BASp54110r2023-05-24w2023-05-24yBK c57798d57798